000 01347nam a2200337Ia 4500
001 ebr10659011
003 CaPaEBR
006 m u
007 cr cn|||||||||
008 100426s2010 nyua sb 001 0 eng d
010 _z 2010014107
020 _z9781616689919
020 _z9781617283345 (ebook)
040 _aCaPaEBR
_cCaPaEBR
035 _a(OCoLC)832314035
050 1 4 _aRC78.7.C65
_bG33 2010eb
082 0 4 _a616.07/54
_222
245 0 0 _aGadolinium
_h[electronic resource] :
_bcompounds, production, and applications /
_cCaden C. Thompson, editor.
260 _aHauppauge, N.Y. :
_bNova Science Publishers,
_cc2010.
300 _axii, 368 p. :
_bill. (some col.).
490 0 _aChemical engineering methods and technology
504 _aIncludes bibliographical references and index.
533 _aElectronic reproduction.
_bPalo Alto, Calif. :
_cebrary,
_d2013.
_nAvailable via World Wide Web.
_nAccess may be limited to ebrary affiliated libraries.
650 0 _aGadolinium
_xDiagnostic use.
650 0 _aMagnetic resonance imaging.
650 0 _aRadiographic contrast media.
655 7 _aElectronic books.
_2local
700 1 _aThompson, Caden C.
710 2 _aebrary, Inc.
856 4 0 _uhttp://site.ebrary.com/lib/rucke/Doc?id=10659011
_zAn electronic book accessible through the World Wide Web; click to view
999 _c178214
_d178214